00696nam a2200241 a 4500001001300000003000900013005001700022008004100039020000800080082001300088100001900101245007600120260003400196300000900230500003500239505002400274650001800298700001900316902000800335942000700343952009100350999001300441nice12345678IN_TiNIC20260116011259.0050524s1966 haga grp 000 0 eng  ac000a951bCHU aChu, Wen-Djang aMoslem Rebellion in Northwest China 1862-1878, Study of Govt.Minority P aHaguebMouton Publisherc1966 a232p aincludes index and biblioraphy2 aIndex, Bibliography aChina-History1 aChu, Wen-Djang bSRS cBK 00104070aHMIbHMId2005-05-24g0.00l0o951 CHUp03610r2005-05-24w2026-01-16yEB c141d141